Statistics for NASCAR All-Star Race Winners

Click here to take the quiz!

General Stats

  • This quiz has been taken 535 times
    (299 since last reset)
  • The average score is 32 of 38

Answer Stats

HintAnswer% Correct
1987Dale Earnhardt
97%
1990Dale Earnhardt
97%
1993Dale Earnhardt
97%
2000Dale Earnhardt Jr
97%
2017Kyle Busch
95%
2010Kurt Busch
94%
1997Jeff Gordon
93%
2001Jeff Gordon
93%
1995Jeff Gordon
93%
2012Jimmie Johnson
93%
2013Jimmie Johnson
93%
2006Jimmie Johnson
93%
2003Jimmie Johnson
93%
2020Chase Elliott
92%
1986Bill Elliott
91%
2007Kevin Harvick
90%
2018Kevin Harvick
90%
2019Kyle Larson
90%
2021Kyle Larson
90%
2016Joey Logano
88%
2015Denny Hamlin
84%
2022Ryan Blaney
84%
2004Matt Kenseth
83%
2009Tony Stewart
83%
1985Darrell Waltrip
79%
1996Michael Waltrip
79%
1989Rusty Wallace
75%
2011Carl Edwards
74%
2005Mark Martin
73%
1998Mark Martin
73%
1999Terry Labonte
73%
1988Terry Labonte
73%
1992Davey Allison
72%
1991Davey Allison
72%
2008Kasey Kahne
69%
2002Ryan Newman
67%
2014Jamie McMurray
61%
1994Geoffrey Bodine
39%

Score Distribution

Percentile by Number Answered

Percent of People with Each Score

Your Score History

You have not taken this quiz since the last reset